000 00882nac a22002657a 4500
001 BR7807772
003 BR-BrBNA
005 20240105114347.0
008 230509b bl.|||m| |||| 00| 0 por d
040 _aBR-BrBNA
_bpor
_cBiblioteca Nacional de Agricultura
072 _aE15; E70
090 _a2120 BR7807772
110 1 _aCooperativa Regional dos Cafeicultores de Guaxupe, MG (Brasil)
_92912
245 1 _aRelatorio da diretoria, exercicio 77/78 [Cooperativa Regional dos Cafeicultores de Guaxupe, Minas Gerais, Brasil]
260 3 _aGuaxupe, MG (Brasil):
_c1978.
300 _a10 p.
490 _aRelatorio - Cooperativa Regional dos Cafeicultores de Guaxupe (Brazil)
_v
_x
650 _aCAFE
650 _aVENDA
650 _aCOOPERATIVA
650 _aGUAXUPE
650 _aMINAS GERAIS
909 _a202312
_bLúcia Elande
_c55
_dLúcia Elande
942 _2AGRIS
_n0
_cMS
999 _c268895
_d268895